| 000 | 02596nab a2200301 a 4500 | ||
|---|---|---|---|
| 005 | 20240622063914.0 | ||
| 008 | 991125c2019 sp qr p o 000 0 spa d | ||
| 035 | _aUPN01000229075 | ||
| 040 |
_aMX-MxUPN _bspa _cMX-MxUPN _eaacr2 |
||
| 049 | _aART-E | ||
| 100 | 1 |
_aÁlvarez Blanco, Lucía _6- alvarezblucia@uniovi.es |
|
| 245 | 1 | 0 |
_aModelos teóricos de implicación educativa familiar: responsabilidades compartidas entre centros educativos, familias y comunidad _h[recurso electrónico en línea] |
| 506 | 0 | _aAcceso abierto | |
| 520 | 3 | _aLos logros escolares y la calidad educativa que reciben los menores dependen, en gran medida, de la actuación que desarrollen los dos primeros agentes de socialización, la familia y el centro escolar. Los factores y condicionantes que operan diferencialmente en ellos para contribuir a la formación de los menores son variados y complejos. Sin embargo, la investigación evidencia que la frecuencia y calidad de las relaciones que se establezcan entre ellos contribuye a mejorar la eficacia educativa de ambos contextos y genera efectos positivos en el desarrollo integral del alumnado y en su rendimiento escolar, facilitando así la generación de capital humano y social. Este artículo incluye una revisión de algunos modelos teóricos en el estudio de la implicación educativa familiar y de las relaciones que cabe establecer entre los entre los centros escolares, las familias y las entidades comunitarias para promover esta colaboración. En concreto, se presenta: 1) Modelo Ecológico Sistémico; 2) Modelo de Esferas Superpuestas de Influencia; 3) Modelo “Syneducation”; 4) Modelo Causal y Específico de Implicación Parental; 5) Modelo Motivacional y de Conceptualización Multidimensional y 6) Modelo Bipiramidal Jerarquizado. Se concluye subrayando los beneficios de esta alianza educativa para facilitar el adecuado logro escolar de los y las estudiantes, su desarrollo integral, una convivencia más positiva en el centro y en el hogar y, por último, una mayor calidad educativa. | |
| 650 | 4 |
_aEducación familiar _97274 |
|
| 650 | 2 |
_95380 _aCooperación |
|
| 650 | 2 |
_aComunidad _99262 |
|
| 650 | 4 |
_aFamilias _944286 |
|
| 653 | 0 | _aEscuela | |
| 653 | 0 | _aCalidad educativa | |
| 653 | 0 | _aModelo teórico | |
| 773 |
_gVol. 48, no. 1 (2019), p. 19-30 _tAula abierta _x0210-2773 |
||
| 856 | 4 | 0 | _uhttps://www.unioviedo.es/reunido/index.php/AA/article/view/13292/12029 |
| 856 | 4 | 0 | _uhttps://doi.org/10.17811/rifie.48.1.2019.19-30 |
| 902 |
_aGloria Jiménez _bGloria Jiménez/300523 |
||
| 905 | _aArticulo | ||
| 942 | _cART-E | ||
| 999 |
_c201170 _d201170 |
||